Opinión sobre la propuesta de un nuevo plan de estudios para la carrera de ingeniero agrónomo /
Guardado en:
| Otros Autores: | , |
|---|---|
| Formato: | Libro |
| Idioma: | Spanish |
| Publicado: |
Bahía Blanca :
Universidad Nacional del Sur, Departamento de Agronomía,
1995.
|
| Etiquetas: |
Agregar Etiqueta
Sin Etiquetas, Sea el primero en etiquetar este registro!
|
| LEADER | 00706nam a22001695a 4500 | ||
|---|---|---|---|
| 001 | EEA.libagro005646 | ||
| 005 | 20170515092455.0 | ||
| 008 | 130809s1995####ag############000#0#spa#d | ||
| 082 | 0 | 4 | |a 630.711 |
| 082 | 0 | 4 | |a 375.006 |
| 245 | 1 | 0 | |a Opinión sobre la propuesta de un nuevo plan de estudios para la carrera de ingeniero agrónomo / |c Osvaldo A. Fernández, Jorge A. Luque. |
| 260 | |a Bahía Blanca : |b Universidad Nacional del Sur, Departamento de Agronomía, |c 1995. | ||
| 300 | |a 17 h. ; |c 32 cm. | ||
| 700 | 1 | |a Fernández, Osvaldo A. |q (Osvaldo Alberto) | |
| 700 | 1 | |a Luque, Jorge Alfredo. | |
| 859 | |a AR-BbBCA |b BIB. AGRONOMIA |h 630.711 |i F363 |p 1997/2990 | ||
| 859 | |a AR-BbBCA |b BIB. AGRONOMIA |h 630.711 |i F363 |p 1997/2991 |t Ej.2 | ||
